000 00780nam a2200241Ia 4500
003 OSt
005 20220926020418.0
006 a|||||r|||| 00| 0
007 ta
008 220923b |||||||| |||| 00| 0 eng d
020 _a9780415659130
_c9059.60
037 _b8137, 07/09/2017, Efficient Book Distributors
_cGeneral Book
040 _aRTL
_cRTL
_beng
041 _2eng
_aeng
082 _aX38:9.72, Q4
100 _aSTEVENS Andrew J.R
_9324343
245 0 _aCall Centers and the Global Division of Labour
_b A Political
260 _aNew York
_bRoutledge
300 _axiv; 220p.
_ccm.
650 _aSociology
942 _hX38:9.72, Q4
_cGB
_2CC
999 _c634173
_d634173